| 000 | 01305nam a2200217Ia 4500 | ||
|---|---|---|---|
| 005 | 20250731105004.0 | ||
| 020 | _a0781794854 | ||
| 020 | _a9780781794855 | ||
| 050 | 0 | 0 |
_aQM601 _b.L1 |
| 100 | 1 | _aSadler, T. W. | |
| 245 | 1 | 0 | _aLangman's medical embryology. |
| 250 | _aTenth edition | ||
| 260 |
_aBaltimore, Maryland, USA _bLippincott Williams & wilkins _c2006 |
||
| 300 |
_axiii, 371 pages : _billustrations (some color) ; _c26 cm + _e1 CD-ROM (4 3/4 in.) |
||
| 500 | _aIncludes index. | ||
| 505 | 0 | _aEmbryology : old and new frontiers and an introduction to molecular regulation and signaling -- Gametogenesis : conversion of germ cells into male and female gametes -- First week of development : ovulation to implantation -- Second week of development : bilaminar germ disc -- Third week of development : trilaminar germ disc -- Third to eighth weeks : the embryonic period -- Third month to birth : the fetus and placenta -- Birth defects and prenatal diagnosis -- Skeletal system -- Muscular system -- Body cavities -- Cardiovascular system -- Respiratory system -- Digestive system -- Urogenital system -- Head and neck -- Central nervous system -- Ear -- Eye -- Integumentary system. | |
| 650 | 0 | _aEmbryology, Human. | |
| 650 | 0 | _aAbnormalities, Human. | |
| 700 | 1 | _aLangman, Jan. | |
| 942 | _cBK | ||
| 999 |
_c8451 _d8451 |
||